बेपा भटाची काशाणी (Record no. 1221098)

MARC details
000 -LEADER
fixed length control field 00369nam a2200109Ia 4500
008 - FIXED-LENGTH DATA ELEMENTS--GENERAL INFORMATION
fixed length control field 260427s2026 xx 000 0 und d
041 ## - LANGUAGE CODE
Language code of text/sound track or separate title hin
100 ## - MAIN ENTRY--PERSONAL NAME
Personal name गो. वि. कुलकर्णी
245 ## - TITLE STATEMENT
Title बेपा भटाची काशाणी
260 ## - PUBLICATION, DISTRIBUTION, ETC.
Name of publisher, distributor, etc. अभिनंदन प्रकाशन, कोल्हापूर
300 ## - PHYSICAL DESCRIPTION
Extent Soft/P-308
Holdings
Withdrawn status Lost status Damaged status Not for loan Collection Home library Current library Shelving location Date acquired Source of acquisition Cost, normal purchase price Total Checkouts Barcode Date last seen Price effective from Koha item type
          College of Engineering for Women, Pune College of Engineering for Women, Pune   27/04/2026 Bharati Vidyapeeth, Pune 680.00   EWP-D707 27/04/2026 27/04/2026 Book